[Event "10th American Continental"]
[Site "Montevideo URU"]
[Date "2015.05.22"]
[Round "9.53"]
[White "Rodriguez, Paulo Virgilio Rios"]
[Black "Quevedo, Andreina"]
[Result "1-0"]
[WhiteElo "2072"]
[BlackElo "1661"]
[WhiteFideId "2108267"]
[BlackFideId "3004147"]
[EventDate "2015.05.15"]
[EventType "swiss"]

1. d4 Nf6 2. Nf3 g6 3. Bf4 Bg7 4. c4 d6 5. Nc3 O-O 6. Qd2 Re8 7. e4 Nbd7 8. Bh6
Bh8 9. O-O-O e5 10. dxe5 Nxe5 11. Nxe5 Rxe5 12. f3 Bd7 13. g4 a6 14. Bf4 Re8 15.
Bg5 b5 16. c5 dxc5 17. Qf4 b4 18. Nb1 Qe7 19. e5 Qxe5 20. Qxe5 Rxe5 21. Bxf6
Bxf6 22. Rxd7 Re1+ 23. Kc2 Bg5 24. Nd2 Bf4 25. Ne4 Rc1+ 26. Kb3 a5 27. a4 c4+
28. Bxc4 Rxh1 29. Rxf7 Bxh2 30. Nf6+ 1-0

[Event "10th American Continental"]
[Site "Montevideo URU"]
[Date "2015.05.22"]
[Round "9.55"]
[White "Idiarte Borda, Jorge"]
[Black "Blanchard, Marcel"]
[Result "1-0"]
[WhiteElo "2035"]
[BlackElo "1804"]
[WhiteFideId "3000842"]
[BlackFideId "3000214"]
[EventDate "2015.05.15"]
[EventType "swiss"]

1. e4 e5 2. Nf3 Nc6 3. Bb5 a6 4. Bxc6 dxc6 5. O-O Qd6 6. d4 exd4 7. Qxd4 Qxd4 8.
Nxd4 Bd7 9. Nc3 O-O-O 10. Bf4 Ne7 11. Rad1 Ng6 12. Bg3 Bc5 13. Nb3 Be7 14. Na4
b6 15. Nc3 Bf6 16. f4 Bxc3 17. bxc3 c5 18. c4 f6 19. f5 Ne7 20. Bh4 Nc6 21. Bg3
Rhe8 22. Rde1 Ne5 23. Bxe5 Rxe5 24. Re3 Bc6 25. Rfe1 Be8 26. g4 Bf7 27. Rc3 Kb7
28. Kf2 Kc6 29. a4 a5 30. Ke3 h5 31. g5 fxg5 32. Rg1 g4 33. Kf4 Rde8 34. Nd2
R8e7 35. h3 gxh3 36. Rxh3 Bxc4 37. Rxh5 Bg8 38. Rhg5 Ba2 39. Rxg7 Rxg7 40. Rxg7
Re8 41. c4 Rd8 42. Ke3 Rd4 43. f6 Kd6 44. Re7 Bxc4 45. e5+ Kc6 46. Nxc4 Rxc4 47.
f7 Rc3+ 48. Ke4 Rc4+ 49. Kf5 Rc1 50. Re8 Rf1+ 51. Ke6 Rxf7 52. Kxf7 c4 53. Rh8
c3 54. Rh3 1-0

[Event "10th American Continental"]
[Site "Montevideo URU"]
[Date "2015.05.22"]
[Round "9.56"]
[White "Dominguez, Facundo"]
[Black "Pinero, Ismael"]
[Result "1-0"]
[BlackTitle "CM"]
[WhiteElo "1947"]
[BlackElo "2013"]
[WhiteFideId "3005178"]
[BlackFideId "3004244"]
[EventDate "2015.05.15"]
[EventType "swiss"]

1. e4 c5 2. Nc3 Nc6 3. g3 g6 4. Bg2 Bg7 5. d3 d6 6. f4 e6 7. Nf3 Nge7 8. Be3 Nd4
9. Rb1 O-O 10. Ne2 Nxf3+ 11. Bxf3 f5 12. O-O Nc6 13. c3 Qe7 14. d4 Rd8 15. Qb3
c4 16. Qc2 d5 17. e5 b5 18. h3 Bd7 19. g4 b4 20. gxf5 gxf5 21. Kh2 Kh8 22. Rg1
Bh6 23. Rg2 Rg8 24. Rbg1 Rxg2+ 25. Rxg2 bxc3 26. bxc3 Qa3 27. Ng3 Qe7 28. Nh5
Be8 29. Nf6 Bf7 30. Qf2 Bg7 31. Qh4 Bg8 32. Qg5 Rf8 33. Nxg8 Qxg5 34. fxg5 Kxg8
35. h4 Rb8 36. h5 Bf8 37. g6 h6 38. g7 Ba3 39. Bxh6 Rb2 40. Bd2 Ne7 41. h6 Rc2
42. Bh5 Bc1 43. Bxc1 Rxc1 44. Rb2 Kh7 45. Rb7 Ng8 46. Bf7 Rc2+ 47. Kg1 Nxh6 48.
Bxe6 Rc1+ 49. Kg2 Kg6 50. Bxd5 Rxc3 51. g8=Q+ Nxg8 52. Bxg8 Kg5 53. e6 Kf4 54.
e7 Rc2+ 55. Kf1 1-0

[Event "10th American Continental"]
[Site "Montevideo URU"]
[Date "2015.05.22"]
[Round "9.57"]
[White "Lanzilotta, Marcelo"]
[Black "Casas, Nicolas"]
[Result "1-0"]
[WhiteElo "2006"]
[BlackElo "1834"]
[WhiteFideId "3001750"]
[BlackFideId "3002055"]
[EventDate "2015.05.15"]
[EventType "swiss"]

1. d3 d5 2. f4 Nf6 3. Nf3 Bg4 4. Nbd2 c5 5. e4 dxe4 6. dxe4 Nc6 7. c3 Qc7 8. h3
Bxf3 9. Qxf3 e5 10. Nc4 O-O-O 11. Bd2 Bd6 12. g3 Rhe8 13. f5 h6 14. O-O-O Bf8
15. Ne3 Qa5 16. Bc4 Rd7 17. Kb1 b5 18. Bd5 Qb6 19. Be1 Red8 20. Rh2 c4 21. Rhd2
a5 22. g4 Bc5 23. Bf2 Ne7 24. h4 Nexd5 25. exd5 Bxe3 26. Bxe3 Qb7 27. g5 Nxd5
28. Bc5 e4 29. Qh3 Nf4 30. Qe3 Rxd2 31. Rxd2 Rxd2 32. Qxd2 Nd3 33. gxh6 gxh6 34.
Qxh6 Qd7 35. Qa6+ Kc7 36. Qb6+ Kc8 37. Qa6+ Kc7 38. Bb6+ Kd6 39. Bd4+ Kd5 40.
Qa8+ Kd6 41. Qxe4 Qe7 42. Qxe7+ Kxe7 43. a4 bxa4 44. h5 Kf8 45. Ka2 Kg8 46. Ka3
Kh7 47. Be3 Kg7 48. Kxa4 Nxb2+ 49. Kxa5 Kh7 50. Kb5 Kg7 51. Kc5 Kh7 52. Kd5 Kg7
53. h6+ Kh7 54. Ke5 Nd1 55. Bd4 Kxh6 56. Kf6 Nb2 57. Kxf7 Nd3 58. Ke7 Kh7 59. f6
Nf4 60. f7 1-0

[Event "10th American Continental"]
[Site "Montevideo URU"]
[Date "2015.05.22"]
[Round "9.58"]
[White "Gomez Troccoli, Martin"]
[Black "Acosta, Mariano USA"]
[Result "0-1"]
[WhiteElo "1761"]
[BlackElo "1967"]
[WhiteFideId "3006778"]
[BlackFideId "2008629"]
[EventDate "2015.05.15"]
[EventType "swiss"]

1. e4 g6 2. d4 Bg7 3. Nf3 d6 4. Bd3 e5 5. c3 Nc6 6. O-O exd4 7. cxd4 Bxd4 8.
Nxd4 Nxd4 9. Bc4 Nc6 10. f4 Nge7 11. f5 Ne5 12. fxg6 hxg6 13. Bb3 N7c6 14. Nc3
Qh4 15. Bf4 Bg4 16. Qd5 O-O-O 17. Ba4 Be6 18. Qd2 Nc4 19. Qf2 Qxf2+ 20. Rxf2
N6e5 21. Bg5 Rdg8 22. Nd5 Bxd5 23. exd5 f5 24. Bc2 Ng4 25. Re2 Rxh2 26. Bf6 Rh7
27. Bd4 Nce5 0-1

[Event "10th American Continental"]
[Site "Montevideo URU"]
[Date "2015.05.22"]
[Round "9.59"]
[White "Zimmermann, Kleber Renato P."]
[Black "Chamlian, Aram"]
[Result "1/2-1/2"]
[WhiteTitle "CM"]
[WhiteElo "1966"]
[BlackElo "1714"]
[WhiteFideId "2150050"]
[BlackFideId "3003639"]
[EventDate "2015.05.15"]
[EventType "swiss"]

1. d4 d5 2. c4 e6 3. Nc3 Nf6 4. Bg5 Nbd7 5. e3 Be7 6. Nf3 O-O 7. Rc1 c6 8. Bd3
dxc4 9. Bxc4 b5 10. Bd3 Bb7 11. O-O a6 12. Bxf6 Nxf6 13. Ne4 Rc8 14. Nc5 Bxc5
15. Rxc5 Nd7 16. Rc1 c5 17. dxc5 Nxc5 18. Be2 Qf6 19. Qd4 Qxd4 20. Nxd4 e5 21.
Nf5 Rc7 22. b4 Ne6 23. Rxc7 Nxc7 24. Rd1 Ne6 25. Rd7 Be4 26. Ne7+ Kh8 27. f3 Bb1
28. a3 Rd8 29. Rxd8+ Nxd8 30. Nd5 Ne6 31. Nc3 Bc2 32. Kf2 f5 33. Ke1 Nc7 34. Kd2
Bb3 35. Bd3 g6 36. Bc2 Bc4 37. Bd3 Bxd3 38. Kxd3 Kg7 39. e4 f4 40. a4 Kf7 41. a5
g5 42. Ne2 h5 43. Nc1 g4 44. Nb3 gxf3 45. gxf3 Ne6 46. Ke2 h4 47. Kf2 h3 48. Nc1
Kf6 49. Nd3 Nc7 50. Nc5 Ke7 51. Ke2 Kd6 52. Kf2 Ke7 53. Ke1 Kd6 54. Kd2 Ke7 55.
Ke1 Kd6 56. Kf1 Ke7 57. Nd3 Kf6 58. Nf2 Ne6 59. Nd3 Nd4 60. Kf2 Nc2 61. Ke2 Nd4+
62. Kf2 Nc2 1/2-1/2

[Event "10th American Continental"]
[Site "Montevideo URU"]
[Date "2015.05.22"]
[Round "9.61"]
[White "Rodriguez Farias, Eduardo"]
[Black "Perez, Cecilia Manuela"]
[Result "1-0"]
[WhiteElo "1956"]
[BlackElo "1525"]
[WhiteFideId "3005062"]
[BlackFideId "3003191"]
[EventDate "2015.05.15"]
[EventType "swiss"]

1. e4 e6 2. d4 d5 3. e5 c5 4. c3 Nc6 5. Nf3 cxd4 6. cxd4 Qb6 7. Nc3 Nge7 8. Bd3
Bd7 9. O-O Nxd4 10. Nxd4 Qxd4 11. Re1 Nc6 12. Be3 Qxe5 13. Bxa7 Qg5 14. Be3 Qf6
15. Nxd5 Qe5 16. Bc4 Rc8 17. Bf4 Qd4 18. Bb3 Bc5 19. Nc7+ Kd8 20. Qxd4 Nxd4 21.
Rad1 Rxc7 22. Bxc7+ Kxc7 23. Rc1 Nxb3 24. axb3 b6 25. b4 Kd6 26. Red1+ Kc6 27.
bxc5 bxc5 28. b4 Rc8 29. Rxc5+ 1-0

[Event "10th American Continental"]
[Site "Montevideo URU"]
[Date "2015.05.22"]
[Round "9.62"]
[White "Areco, Antonio"]
[Black "De Haro, Martim Afonso Palma"]
[Result "0-1"]
[WhiteElo "1746"]
[BlackElo "2048"]
[WhiteFideId "139190"]
[BlackFideId "2101653"]
[EventDate "2015.05.15"]
[EventType "swiss"]

1. e3 d5 2. Nf3 c5 3. Bb5+ Nd7 4. Ne5 a6 5. Nxd7 axb5 6. Nxf8 Nf6 7. d4 b6 8.
O-O Kxf8 9. b3 h5 10. Nd2 h4 11. Bb2 Qd6 12. f4 h3 13. g3 Bg4 14. Qe1 Rh6 15.
Nf3 Bxf3 16. Rxf3 c4 17. bxc4 bxc4 18. a4 Ne4 19. Ba3 Qd7 20. Qb4 Qg4 21. Raf1
Qd7 22. Ra1 Kg8 23. Bb2 c3 24. Bxc3 Rc8 25. Be1 Rxc2 26. Qb3 Rhc6 27. Ra2 Rc1
28. Rf1 Qf5 29. Qd3 Qg4 30. a5 bxa5 31. Bxa5 Rxf1+ 32. Qxf1 Qc8 33. Ra1 Rc2 34.
Be1 Rg2+ 35. Kh1 Qc2 36. Qf3 Rxh2+ 37. Kg1 Rg2+ 38. Kh1 g6 0-1

[Event "10th American Continental"]
[Site "Montevideo URU"]
[Date "2015.05.22"]
[Round "9.63"]
[White "Ruggiero, Alvaro"]
[Black "Rodrigues, Julliano de Araujo"]
[Result "1-0"]
[WhiteTitle "CM"]
[WhiteElo "1967"]
[BlackElo "1808"]
[WhiteFideId "3001504"]
[BlackFideId "2127288"]
[EventDate "2015.05.15"]
[EventType "swiss"]

1. e4 c5 2. Nc3 Nc6 3. f4 g6 4. Bc4 Bg7 5. Nf3 e6 6. O-O Nge7 7. Qe1 O-O 8. d3
d5 9. exd5 exd5 10. Bb3 Na5 11. Nxd5 Nxb3 12. Nxe7+ Kh8 13. Nxg6+ fxg6 14. axb3
b6 15. Rb1 Bb7 16. Bd2 Kg8 17. Qe6+ Rf7 18. Ng5 Qd4+ 19. Be3 Bd5 20. Qxf7+ Bxf7
21. Bxd4 Bxd4+ 22. Kh1 Bd5 23. Ne4 Rf8 24. c3 Bg7 25. c4 Bc6 26. g3 Rd8 27. Kg1
Rxd3 28. Nf2 Rxb3 29. Rfe1 Bd4 30. Re6 Bd7 31. Re2 Bf5 32. Rbe1 Bd3 33. Re8+ Kf7
34. R1e7+ Kf6 35. g4 h6 36. h4 g5 37. hxg5+ hxg5 38. Re6+ Kf7 39. R8e7+ Kf8 40.
Rd7 Rxb2 41. Rxd4 Rb1+ 42. Kh2 cxd4 43. Nxd3 gxf4 44. Rf6+ Kg7 45. Rxf4 a5 46.
Rxd4 a4 47. Rd7+ Kf6 48. Ra7 Rb3 49. Nf4 Kg5 50. Ne6+ Kxg4 51. Rxa4 Rb2+ 52. Kg1
Kf5 53. Nd4+ Ke5 54. Nb5 Kf4 55. Kf1 Kf3 56. Ra3+ Ke4 57. Rc3 Ke5 58. Ke1 Ke6
59. Rd3 Rb4 60. Nd4+ Kf7 61. Rc3 Ke8 62. Kd2 Kd7 63. Kd3 Kc7 64. Ra3 Kb7 65. Rb3
Ra4 66. c5 Ra6 67. c6+ Kc7 68. Rc3 Ra5 69. Ne6+ Kc8 70. Ke4 Rh5 71. Rd3 Rh8 72.
Kd5 b5 73. Kc5 b4 74. Kxb4 Re8 75. Rd6 Rh8 76. Kc5 1-0

[Event "10th American Continental"]
[Site "Montevideo URU"]
[Date "2015.05.22"]
[Round "9.64"]
[White "Pereira, Henry Alberto"]
[Black "De la Torre, Andres"]
[Result "1-0"]
[WhiteElo "1955"]
[BlackElo "1699"]
[WhiteFideId "4433270"]
[BlackFideId "3005186"]
[EventDate "2015.05.15"]
[EventType "swiss"]

1. b3 e5 2. Bb2 d6 3. e4 Nf6 4. Nc3 Nc6 5. Bb5 Bd7 6. Nf3 a6 7. Bxc6 Bxc6 8. Qe2
Qd7 9. O-O-O Bb5 10. Nxb5 Qxb5 11. Rhe1 Qxe2 12. Rxe2 c5 13. c3 Rc8 14. Kb1 Nd7
15. d4 cxd4 16. cxd4 f6 17. Nd2 g6 18. Nc4 b5 19. Ne3 Nb6 20. g3 Bg7 21. f4 O-O
22. dxe5 dxe5 23. Rd6 Rb8 24. Red2 a5 25. Ng4 exf4 26. Nxf6+ Bxf6 27. Bxf6 fxg3
28. hxg3 a4 29. e5 axb3 30. axb3 Kf7 31. g4 Rfe8 32. Rc2 Nc8 33. Rd7+ 1-0

[Event "10th American Continental"]
[Site "Montevideo URU"]
[Date "2015.05.22"]
[Round "9.65"]
[White "Gauche, Eduardo"]
[Black "Larrea, Daniela"]
[Result "0-1"]
[WhiteElo "1927"]
[BlackElo "1705"]
[WhiteFideId "2128209"]
[BlackFideId "3003000"]
[EventDate "2015.05.15"]
[EventType "swiss"]

1. d4 Nf6 2. c4 g6 3. Nc3 Bg7 4. e4 d6 5. f3 O-O 6. Be3 Nbd7 7. Qd2 c5 8. d5 a6
9. g4 b5 10. h4 h5 11. Bh6 Ne5 12. Bxg7 Kxg7 13. g5 Nfd7 14. cxb5 axb5 15. Bxb5
Ba6 16. Bxa6 Rxa6 17. f4 Ng4 18. Nf3 Qb6 19. O-O Rb8 20. Rab1 Qc7 21. Nh2 Nxh2
22. Kxh2 Rba8 23. b3 Rb6 24. a4 Rb4 25. Nb5 Qa5 26. Qc3+ Kg8 27. Rfe1 Rxb5 0-1

[Event "10th American Continental"]
[Site "Montevideo URU"]
[Date "2015.05.22"]
[Round "9.66"]
[White "Nakle, Gonzalo"]
[Black "Ortiz, Jorge"]
[Result "1/2-1/2"]
[WhiteElo "1737"]
[BlackElo "1894"]
[WhiteFideId "3002250"]
[BlackFideId "113972"]
[EventDate "2015.05.15"]
[EventType "swiss"]

1. e4 d6 2. Nf3 g6 3. Bc4 Bg7 4. O-O Nf6 5. Nc3 Nxe4 6. Bxf7+ Kxf7 7. Nxe4 Rf8
8. c3 c6 9. d4 Kg8 10. Re1 h6 11. Qb3+ d5 12. Nc5 b6 13. Nd3 Bf5 14. Bf4 Bxd3
15. Bxb8 Rxb8 16. Re3 Be4 17. Rxe4 Qd6 18. Rae1 Rf6 19. Rxe7 Ra8 20. Qd1 Bf8 21.
Re8 Rxe8 22. Rxe8 Re6 23. Rxe6 Qxe6 24. Ne5 h5 25. Qa4 Qf5 26. h3 Qb1+ 27. Kh2
Qf5 28. Nf3 Qf4+ 29. Kh1 Qc1+ 30. Ng1 Qxb2 31. Qxc6 Kh7 32. a4 Qxf2 33. Qxd5 Qc2
34. Qc6 Bh6 35. Qc7+ Kh8 36. Qd8+ Kh7 37. Qe7+ Kh8 38. Qe5+ Kh7 39. Qc7+ Kh8 40.
d5 Qc1 41. Qb8+ Kh7 42. Qxa7+ Kh8 43. Qxb6 Be3 44. Qb8+ Kh7 45. Qh2 Qxc3 46. g3
Qd4 47. Qg2 Qxa4 48. Ne2 Qd1+ 49. Kh2 Qd3 50. Qf3 Kg7 51. d6 Qd2 52. d7 Bg5 53.
Qc3+ Qxc3 54. Nxc3 Kf7 55. Ne4 Bd8 56. Nc5 Ke7 57. Kg2 Kd6 58. Nb7+ Kxd7 59. Kf3
Bb6 60. Kf4 1/2-1/2

[Event "10th American Continental"]
[Site "Montevideo URU"]
[Date "2015.05.22"]
[Round "9.67"]
[White "Porteiro, Rodrigo"]
[Black "Croes, Octavio"]
[Result "1-0"]
[BlackTitle "CM"]
[WhiteElo "1727"]
[BlackElo "1887"]
[WhiteFideId "3006140"]
[BlackFideId "1007220"]
[EventDate "2015.05.15"]
[EventType "swiss"]

1. e4 c5 2. Nf3 d6 3. d4 cxd4 4. Nxd4 Nf6 5. Nc3 a6 6. f3 e5 7. Nb3 Be6 8. Be3
Be7 9. Qd2 O-O 10. O-O-O b5 11. g4 b4 12. Nd5 Bxd5 13. exd5 a5 14. Kb1 Na6 15.
Bxa6 Rxa6 16. g5 Nd7 17. h4 Qc7 18. h5 a4 19. Nc1 Rb8 20. g6 Nf6 21. h6 fxg6 22.
hxg7 Kxg7 23. Bh6+ Kg8 24. Rdg1 Ra5 25. Bg5 Rxd5 26. Qg2 Rc5 27. Qh3 Rc8 28.
Qe6+ Kg7 29. Bh6+ Kh8 30. Bg7+ Kxg7 31. Rxh7+ Kxh7 32. Qf7+ Kh8 33. Qxg6 Bf8 34.
Qxf6+ Bg7 35. Qe6 Rf8 36. Rh1+ Bh6 37. Qxh6+ Kg8 38. Rg1+ Kf7 39. Rg7+ Ke8 40.
Qe6+ Kd8 41. Rxc7 Kxc7 42. Qe7+ 1-0

[Event "10th American Continental"]
[Site "Montevideo URU"]
[Date "2015.05.22"]
[Round "9.68"]
[White "Gomes, Marco Tulio"]
[Black "Perez, Jose Luis"]
[Result "1-0"]
[WhiteElo "1883"]
[BlackElo "1543"]
[WhiteFideId "2115271"]
[BlackFideId "3001466"]
[EventDate "2015.05.15"]
[EventType "swiss"]

1. e4 e6 2. d4 d5 3. Nd2 Nf6 4. e5 Nfd7 5. Bd3 c5 6. c3 Nc6 7. Ne2 cxd4 8. cxd4
f6 9. exf6 Nxf6 10. O-O Bd6 11. Nf3 Qc7 12. Re1 O-O 13. Bg5 Nh5 14. Qc2 g6 15.
Bxg6 hxg6 16. Qxg6+ Ng7 17. Bf6 Qf7 18. Qxf7+ Rxf7 19. Bg5 e5 20. dxe5 Nxe5 21.
Ned4 Nxf3+ 22. Nxf3 Bc5 23. Rac1 b6 24. a3 a5 25. Bh6 Bg4 26. b4 axb4 27. axb4
Bxf2+ 28. Kxf2 Bxf3 29. gxf3 Ra2+ 30. Re2 Rxe2+ 31. Kxe2 Nf5 32. Rg1+ Kh7 33.
Bc1 b5 34. f4 Rc7 35. Kd3 Rc4 36. Bd2 Rd4+ 37. Ke2 Re4+ 38. Kd1 d4 39. Rg5 Ne3+
40. Bxe3 dxe3 41. Rxb5 Rxf4 42. Ke2 Re4 43. Rb7+ Kg6 44. b5 Re6 45. b6 Kf5 46.
Rb8 Ke4 47. b7 Re7 48. h4 1-0

[Event "10th American Continental"]
[Site "Montevideo URU"]
[Date "2015.05.22"]
[Round "9.69"]
[White "Pelaez, Diego"]
[Black "Campora, Edgardo"]
[Result "1-0"]
[WhiteElo "1567"]
[BlackElo "1847"]
[WhiteFideId "3006476"]
[BlackFideId "3003612"]
[EventDate "2015.05.15"]
[EventType "swiss"]

1. d4 Nf6 2. c4 g6 3. Nc3 Bg7 4. e4 d6 5. Nf3 O-O 6. Be2 e5 7. O-O Nc6 8. d5 Ne7
9. Ne1 Ne8 10. Nd3 f5 11. f4 exf4 12. Rxf4 g5 13. Rf1 f4 14. c5 dxc5 15. Nxc5
Qd6 16. Nd3 Ng6 17. Bd2 Ne5 18. Nxe5 Bxe5 19. Bf3 Rf6 20. Be1 Rh6 21. Bf2 Nf6
22. h3 Bd7 23. Qe2 a6 24. a4 Kf7 25. Rfd1 Rg8 26. Bd4 g4 27. hxg4 Nxg4 28. Bxe5
Nxe5 29. Rf1 Qb6+ 30. Rf2 Rh3 31. Bh5+ Ke7 32. d6+ Kd8 33. dxc7+ Kc8 34. Nd5 Qc5
35. Nxf4 Bg4 36. Bxg4+ Nxg4 37. Nxh3 1-0

[Event "10th American Continental"]
[Site "Montevideo URU"]
[Date "2015.05.22"]
[Round "9.70"]
[White "Pena, Luis"]
[Black "Fein, Jorge"]
[Result "1-0"]
[WhiteElo "1680"]
[BlackElo "1790"]
[WhiteFideId "3006000"]
[BlackFideId "3003914"]
[EventDate "2015.05.15"]
[EventType "swiss"]

1. e4 e5 2. Nf3 Nc6 3. d4 exd4 4. Nxd4 Ne5 5. Be2 Nf6 6. Nc3 Bc5 7. Be3 O-O 8.
O-O a6 9. Kh1 c6 10. Nxc6 dxc6 11. Bxc5 Re8 12. Qxd8 Rxd8 13. Be7 Re8 14. Bxf6
gxf6 15. f4 Ng6 16. Rad1 f5 17. Bd3 fxe4 18. Nxe4 Rd8 19. h3 Kg7 20. Ng5 h6 21.
Bxg6 Rxd1 22. Rxd1 hxg5 23. Be4 Be6 24. fxg5 Re8 25. Bf3 Bf5 26. c3 Re3 27. Bh5
Bxh3 28. Bxf7 Bg4 29. Rf1 Re2 30. Bb3 Re7 31. Rf6 Re1+ 32. Kh2 Re7 33. Kg3 Bd7
34. Kf4 b5 35. Rh6 a5 36. g4 a4 37. Bc2 Re2 38. Bd3 Rd2 39. Rh7+ Kf8 40. Rxd7
Rxb2 41. g6 Rxa2 42. g7+ Kg8 43. Bf5 Re2 44. Kg5 Re8 45. Kf6 a3 46. Be6+ 1-0

[Event "10th American Continental"]
[Site "Montevideo URU"]
[Date "2015.05.22"]
[Round "9.71"]
[White "Torres Acosta, Raul"]
[Black "Pereira, Armando Scharlau"]
[Result "1/2-1/2"]
[WhiteElo "1677"]
[BlackElo "1717"]
[WhiteFideId "3006174"]
[BlackFideId "2122006"]
[EventDate "2015.05.15"]
[EventType "swiss"]

1. e4 e6 2. d4 d5 3. Nc3 Bb4 4. Bd2 Bxc3 5. Bxc3 b6 6. exd5 Qxd5 7. Be2 c6 8.
Nf3 Ne7 9. Qd2 Bb7 10. b3 Na6 11. O-O-O h6 12. Ne5 Qd6 13. Nc4 Qc7 14. Bf3 O-O-O
15. Ne5 Nd5 16. Nd3 Nb8 17. Bb2 Nd7 18. c4 N5f6 19. Qe3 Rhe8 20. h3 a6 21. Rhe1
Kb8 22. Ne5 Nxe5 23. dxe5 Ng8 24. Ba3 c5 25. Bxb7 Kxb7 26. b4 cxb4 27. Qe4+ Qc6
28. Qxc6+ Kxc6 29. Bxb4 a5 30. Ba3 h5 31. Kb2 Nh6 32. Kc3 Nf5 33. g4 hxg4 34.
hxg4 Nh4 35. Rd3 Rxd3+ 36. Kxd3 Rd8+ 37. Bd6 Nf3 38. Re3 Nxe5+ 39. Rxe5 Rxd6+
40. Ke3 Rd1 41. f4 Ra1 42. Rh5 Rxa2 43. Rh7 Kd6 44. Rxg7 Ke7 45. Rh7 a4 46. g5
Kf8 47. Rh8+ Kg7 48. Ra8 a3 49. Kd3 Ra1 50. Ra6 a2 51. Kc2 Rf1 52. Rxa2 Rxf4 53.
Kc3 Kg6 54. Rb2 Kxg5 55. Rxb6 Kf5 56. Rd6 Ke5 57. c5 Re4 58. Rd7 Re1 59. Kc4 f5
60. c6 Rc1+ 61. Kb5 f4 62. c7 Ke4 63. Kb6 e5 64. Kb7 Ke3 65. c8=Q Rxc8 66. Kxc8
e4 67. Kc7 f3 68. Rf7 Ke2 69. Kd6 e3 70. Kd5 f2 71. Ke4 1/2-1/2

[Event "10th American Continental"]
[Site "Montevideo URU"]
[Date "2015.05.22"]
[Round "9.74"]
[White "Anza, Vicenzo"]
[Black "Rodriguez Fuentealba, Diego"]
[Result "1-0"]
[WhiteElo "1486"]
[BlackElo "1522"]
[WhiteFideId "3007510"]
[BlackFideId "3422704"]
[EventDate "2015.05.15"]
[EventType "swiss"]

1. e4 e5 2. Nf3 Nc6 3. d4 exd4 4. Bc4 Nf6 5. e5 d5 6. Bb5 Ne4 7. Nxd4 Bd7 8.
Bxc6 bxc6 9. O-O Bc5 10. Nf3 O-O 11. Nbd2 Nxd2 12. Bxd2 Bg4 13. h3 Bh5 14. Re1
Re8 15. b4 Bd4 16. c3 Bxe5 17. g4 Bxg4 18. hxg4 Bd6 19. Rxe8+ Qxe8 20. Nd4 c5
21. bxc5 Bxc5 22. Qe2 Bxd4 23. Qxe8+ Rxe8 24. cxd4 Re2 25. Re1 Rxe1+ 26. Bxe1
Kf8 27. Bb4+ Ke8 28. Kg2 Kd7 29. a4 a6 30. Bf8 g6 31. Kf3 Ke6 32. Bg7 f5 33. Kf4
fxg4 34. Kxg4 Kf7 35. Be5 c6 36. Kg5 Ke6 37. Bg7 Kf7 38. Kh6 g5 39. f3 Ke6 40.
Kxg5 Kf7 41. Kh6 Ke6 42. Kxh7 Kf5 43. Kg8 1-0

[Event "10th American Continental"]
[Site "Montevideo URU"]
[Date "2015.05.23"]
[Round "10.1"]
[White "Cori, Jorge"]
[Black "Mareco, Sandro"]
[Result "0-1"]
[WhiteTitle "GM"]
[BlackTitle "GM"]
[WhiteElo "2609"]
[BlackElo "2581"]
[WhiteFideId "3802272"]
[BlackFideId "112275"]
[EventDate "2015.05.15"]
[EventType "swiss"]

1. Nf3 Nf6 2. d4 e6 3. g3 d5 4. Bg2 Be7 5. O-O O-O 6. c4 dxc4 7. Qa4 a6 8. Qxc4
b5 9. Qc2 Bb7 10. Bd2 Be4 11. Qc1 c6 12. Rd1 Nbd7 13. Nc3 Bg6 14. Bg5 Rc8 15. a3
h6 16. Bxf6 Bxf6 17. Ne5 Bxe5 18. dxe5 Qc7 19. f4 Nc5 20. Qe3 Nb3 21. Ra2 Rfd8
22. Kf2 Rxd1 23. Nxd1 Bc2 24. Nc3 Qd7 25. Be4 Bxe4 26. Nxe4 Qd1 27. a4 Nc1 28.
Ra3 b4 29. Ra1 Nd3+ 30. Qxd3 Qxa1 31. b3 a5 32. Qd7 Rf8 33. Qxc6 Qd4+ 34. Kg2
Rd8 35. Nd6 Qc3 36. Qf3 Rd7 37. Qa8+ Kh7 38. Qe4+ g6 39. Qa8 Qe3 40. Qc6 Qxe2+
41. Kh3 Ra7 42. Qc5 Qf1+ 43. Kh4 Qg2 44. Kg4 Rd7 45. Qc8 Rxd6 0-1

[Event "10th American Continental"]
[Site "Montevideo URU"]
[Date "2015.05.23"]
[Round "10.2"]
[White "Flores, Diego"]
[Black "Quesada Perez, Yuniesky"]
[Result "1/2-1/2"]
[WhiteTitle "GM"]
[BlackTitle "GM"]
[WhiteElo "2567"]
[BlackElo "2645"]
[WhiteFideId "108049"]
[BlackFideId "3504409"]
[EventDate "2015.05.15"]
[EventType "swiss"]

1. d4 Nf6 2. c4 e6 3. Nc3 Bb4 4. e3 O-O 5. Bd3 d5 6. Nf3 c5 7. O-O dxc4 8. Bxc4
Nc6 9. a3 Ba5 10. Qd3 h6 11. Rd1 cxd4 12. exd4 Bc7 13. h3 b6 14. d5 exd5 15.
Nxd5 Be6 16. Nxc7 Bxc4 17. Qc2 Qxc7 1/2-1/2

[Event "10th American Continental"]
[Site "Montevideo URU"]
[Date "2015.05.23"]
[Round "10.3"]
[White "Matamoros Franco, Carlos S."]
[Black "Bachmann, Axel"]
[Result "1/2-1/2"]
[WhiteTitle "GM"]
[BlackTitle "GM"]
[WhiteElo "2525"]
[BlackElo "2636"]
[WhiteFideId "3600017"]
[BlackFideId "3700488"]
[EventDate "2015.05.15"]
[EventType "swiss"]

1. Nf3 Nf6 2. c4 e6 3. g3 d5 4. Bg2 d4 5. O-O c5 6. b4 cxb4 7. a3 Nc6 8. Bb2
bxa3 9. Nxa3 Bc5 10. e3 e5 11. Nxe5 O-O 12. Nxc6 bxc6 13. Nc2 Bg4 14. Bf3 Bxf3
15. Qxf3 dxe3 16. dxe3 Qd3 17. Bxf6 Qxc2 18. Rfc1 Qg6 19. Bc3 Rfe8 20. Ra5 Bb6
21. Rf5 h6 22. h4 Qe6 23. Rf4 Bc7 24. Rg4 g6 25. Rd4 a5 26. Rcd1 Re7 27. c5 Rb8
28. h5 Kh7 29. Kh2 Rg8 30. hxg6+ Rxg6 31. Kg2 a4 32. Rxa4 Qb3 33. Bf6 Qc2 34.
Rg4 Rxe3 35. Qxe3 Rxg4 36. Qd3+ Qxd3 37. Rxd3 Kg6 38. Rd7 Bxg3 39. fxg3 Kxf6 40.
Rd6+ Kg5 41. Rxc6 Rc4 42. Rc8 Kg4 43. Rg8+ Kf5 44. Rh8 Rxc5 1/2-1/2